| 000 | 01519cam a2200133 4500500 | ||
|---|---|---|---|
| 005 | 20260329031807.0 | ||
| 041 | _afre | ||
| 042 | _adc | ||
| 100 | 1 | 0 |
_aMontero, Muriel _eauthor |
| 245 | 0 | 0 | _aLa France de 1914 à 1945 |
| 260 |
_bArmand Colin,
_c2001. |
||
| 520 | _aDe la Grande Guerre à la Libération, les années 1914-1945 sont encadrées par deux épreuves tragiques pour les Français. La IIIe République est consolidée par la victoire de 1918 ; aux Années folles succède la longue crise des années 1930 ; puis le régime est emporté dans la défaite de 1940. L'entre-deux-guerres est une période de restructurations : de la politique à l'économie et à la société, mais aussi à la culture, les changements sont profonds. Une France moderne émerge, bien que les structures traditionnelles résistent. Dans ce processus de transformation, les deux guerres ont joué chacune à leur manière un rôle déterminant. Ce livre analyse donc l'évolution de la France sous les aspects tant politiques qu'économiques, sociaux, culturels ou diplomatiques… Il fournit aussi de nombreux outils pédagogiques : documents et sujets de dissertation commentés, conseils méthodologiques, chronologie, notices biographiques, glossaire, bibliographie. Muriel Montero, ancienne élève de l'ENS (Ulm), agrégée d'histoire, enseigne l'histoire contemporaine à l'université Paris-IV. | ||
| 856 | 4 | 1 | _uhttps://shs.cairn.info/la-france-de-1914-a-1945--9782200252694?lang=fr&redirect-ssocas=7080 |
| 999 |
_c1949608 _d1949608 |
||